00523 2200229 4500001002100000005001500021035002000036008004100056245003200097100001800129250000600147260003200153300001200185084001400197082000800211650001400219990001200233990001200245990001200257990001200269990001200281INLIS00000000000069820240430111947 a0010-0424000674240430 0 ind 1 aSeni Budaya /cMohammad Nuh aNuh, Muhammad a1 aJakarta :bKEMDIKBUD,c2014 a444 hlm a700 MOH s a700 4aNon Fiksi a0721871 a0721872 a0721873 a0721874 a0721875